000 02143nam a2200493 i 4500
001 DIGMPONS0351
003 NyNyDIG
007 cr |||||||||||
008 231103s2012 sp ob 000 0 spa d
006 m o d
035 _a(OCoLC)1376766255
040 _aDGITA
_beng
_erda
_epn
_cDGITA
020 _a9788413816029
_qeBook
020 _z9788497689533
041 1 _aspa
_hger
043 _ae-gx---
050 1 4 _aKK7992 ebook
082 1 4 _a345.43
_223
100 1 _aKuhlen, Lothar,
_d1950-
_eauthor.
240 1 0 _aVerfassungskonforme Auslegung von Strafgesetzen.
_lSpanish
_s(Pastor Muñoz)
245 1 3 _aLa interpretación conforme a la constitución de las leyes penales /
_cLothar Kuhlen ; traducción de Nuria Pastor Muñoz ; presentación de Jesús-María Silva Sánchez.
264 1 _aMadrid :
_bMarcial Pons,
_c2012.
300 _a1 online resource.
336 _atext
_btxt
_2rdacontent
337 _acomputer
_bc
_2rdamedia
338 _aonline resource
_bcr
_2rdacarrier
347 _atext file
_2rdaft
347 _bPDF
490 1 _aDerecho penal & criminología
504 _aIncludes bibliographical references.
588 0 _aOnline resource; title from PDF title page (Digitalia, viewed November 3, 2023)
650 0 _aConstitutional law
_zGermany.
650 0 _aCriminal law
_xInterpretation and construction.
700 1 _aPastor Muñoz, Nuria,
_etranslator.
700 1 _aSilva Sánchez, Jesús-María,
_econtributor agent of text.
700 1 _iTranslation of:
_aKuhlen, Lothar,
_d1950-
_tVerfassungskonforme Auslegung von Strafgesetzen.
791 2 _aDigitalia (Firm),
_edistributor.
793 0 _gDigitalia eBook Collection:
_aMarcial Pons
776 0 8 _iPrint version:
_aKuhlen, Lothar, 1950-
_sVerfassungskonforme Auslegung von Strafgesetzen. Spanish (Pastor Muñoz).
_tInterpretación conforme a la constitución de las leyes penales.
_dMadrid : Marcial Pons, [2012]
_z9788497689533
830 0 _aDerecho penal y criminología (Marcial Pons (Firm))
856 4 0 _3Digitalia Hispánica
_uhttps://www.digitaliapublishing.com/a/127457/
910 _aPremium collection: 2023
942 _cRAA
999 _c278668
_d278668